Study of Different Tax Saving Investment Avenues for Salaried (Record no. 69403)

MARC details
000 -LEADER
fixed length control field 00392nam a2200145Ia 4500
008 - FIXED-LENGTH DATA ELEMENTS--GENERAL INFORMATION
fixed length control field 221007s9999 xx 000 0 und d
041 ## - LANGUAGE CODE
Language code of text/sound track or separate title eng
082 ## - DEWEY DECIMAL CLASSIFICATION NUMBER
Item number DAS
100 ## - MAIN ENTRY--PERSONAL NAME
Personal name Das Jayeeta (2k81027)
9 (RLIN) 102242
245 ## - TITLE STATEMENT
Title Study of Different Tax Saving Investment Avenues for Salaried
260 ## - PUBLICATION, DISTRIBUTION, ETC. (IMPRINT)
Date of publication, distribution, etc. 2010
Name of publisher, distributor, etc. Pune University
Place of publication, distribution, etc. Pune
300 ## - PHYSICAL DESCRIPTION
Extent 64p
520 ## - SUMMARY, ETC.
Summary, etc. Parchure Sonali
906 ## - LOCAL DATA ELEMENT F, LDF (RLIN)
b General
Holdings
Withdrawn status Lost status Damaged status Not for loan Home library Current library Date acquired Vendor Total Checkouts Full call number Barcode Date last seen Bill Date Koha item type Original Barcode
        Smt. Hiraben Nanavati Institute of Management & Research for Women Smt. Hiraben Nanavati Institute of Management & Research for Women 03/09/2010 HNIMR   DAS HIMR-PR-377 07/10/2022 03/09/2010 Project Reports PR0377